LDR 00899naa#a2200181#i#450# 001 RU\\bibl\19475 005 20260516023252.6 100 ## _a20260515b2026####ek#y0rusy0150####ca 102 ## _aRU 200 1# _aЖИЗНЕННОЕ СОСТОЯНИЕ КАК ОСНОВА ДЕКОРАТИВНОСТИ НЕКОТОРЫХ ХВОЙНЫХ ПОРОД _eСтатья/тезисы конференции 210 1# _aВоронеж _cВоронежский государственный лесотехнический университет имени Г.Ф. Морозова _d2026 215 ## _a7 с. 608 ## _aСтатья/тезисы конференции _2local 675 ## _aУсловия существования растений. 630.181 _z 700 #1 _aМельник _gКристина Андреевна 700 #1 _aПередриенко _gА. И. 700 #1 _aРогулина _gЕ. Д. 856 4# _abibl.vgltu.ru _u